Statistics for Jedi:Fallen Order Enemies

Click here to take the quiz!

General Stats

  • This quiz has been taken 21 times
  • The average score is 15 of 45

Answer Stats

Answer% Correct
EmpireStormtrooper
100%
EmpireThe Second Sister
83%
EmpireDarth Vader
78%
EmpireThe Ninth Sister
72%
EmpireScout Trooper
61%
EmpireFlametrooper
56%
BoganoOggdo
56%
EmpireAT-ST
50%
BoganoOggdo Bogdo
44%
DathomirUndead Nightsister
39%
EmpireRocket Launcher Trooper
39%
ZeffoScazz
39%
ZeffoJotaz
39%
EmpireProbe Droid
39%
DathomirNightbrother Archer
33%
DathomirNydak Alpha
33%
DathomirTaron Malicos
33%
ZeffoRabid Jotaz
33%
EmpireStormtrooper Commander
33%
EmpirePurge Trooper Commander
33%
EmpireElectrostaff Purge Trooper
33%
EmpireElectrobaton Purge Trooper
33%
BoganoBog Rat
28%
DathomirBane Back Spider
28%
EmpireElectrohammer Purge Trooper
28%
DathomirNightbrother Warrior
28%
Haxion BroodHaxion Brood Bounty Hunter
28%
ZeffoPhillak
28%
EmpireScout Trooper Commander
28%
DathomirLesser Nydak
22%
Haxion BroodHaxion Brood Bounty Droid
22%
Haxion BroodHaxion Brood Commando
22%
EmpireSecurity Droid
22%
DathomirGorgara
22%
BoganoSplox
22%
EmpireHeavy Assault Trooper
17%
KashyyykFlame Beetle
17%
KashyyykAlbino Wyyyshockk
11%
KashyyykJaw Plant
11%
KashyyykSlyyg
11%
KashyyykMykal
11%
KashyyykWyyyshockk
11%
KashyyykSaava
6%
ZeffoScungus
6%
ZeffoTomb Guardian
6%

Score Distribution

Percentile by Number Answered

Percent of People with Each Score

Your Score History

You have not taken this quiz